| 000 | 00487cam a2200157 a 4500 | ||
|---|---|---|---|
| 020 | _a8172233248 | ||
| 082 |
_a808.85 _bSHA _cL-NUST, P-41 |
||
| 100 |
_aSharma, H.D _945894 |
||
| 245 | 0 | 0 |
_a100 best pre-independence speeches, 1870-1947 / _ccompiled & edited by H.D. Sharma. |
| 260 |
_aNew Delhi : _bHarperCollins, _c1998. |
||
| 300 |
_axiii, 480 p. ; _c24 cm. |
||
| 526 |
_a0 _b0 _c0 _d808_850000000000000_SHA |
||
| 650 |
_aNUST _96342 |
||
| 700 | 1 |
_aSharma, H. D. _945895 |
|
| 942 |
_2ddc _cBK |
||
| 999 |
_c549304 _d549304 |
||